Detalles MARC
| 000 -LEADER |
| fixed length control field |
00982cam a2200289 a 4500 |
| 001 - CONTROL NUMBER |
| control field |
000014873 |
| 003 - CONTROL NUMBER IDENTIFIER |
| control field |
DO-SdBNP |
| 005 - DATE AND TIME OF LATEST TRANSACTION |
| control field |
20150216093818.0 |
| 007 - PHYSICAL DESCRIPTION FIXED FIELD--GENERAL INFORMATION |
| fixed length control field |
000014873 |
| 008 - FIXED-LENGTH DATA ELEMENTS--GENERAL INFORMATION |
| fixed length control field |
830909s1968 sp 001 0 spa d |
| 040 ## - CATALOGING SOURCE |
| Original cataloging agency |
BPMET |
| Transcribing agency |
spa |
| Modifying agency |
BPMET |
| 092 ## - LOCALLY ASSIGNED DEWEY CALL NUMBER (OCLC) |
| Classification number |
300 |
| Item number |
A973i, 2005 |
| 245 10 - TITLE STATEMENT |
| Title |
Introducción a las ciencias sociales : |
| Remainder of title |
ICS-011 texto guía de consulta / |
| Statement of responsibility, etc. |
Francisco Ayala...[et.al] |
| 250 ## - EDITION STATEMENT |
| Edition statement |
4a ed. |
| 260 ## - PUBLICATION, DISTRIBUTION, ETC. (IMPRINT) |
| Place of publication, distribution, etc. |
Santo Domingo : |
| Name of publisher, distributor, etc. |
UASD |
| Date of publication, distribution, etc. |
2005 |
| 300 ## - PHYSICAL DESCRIPTION |
| Extent |
320 p. : |
| Dimensions |
22 cm. |
| 490 1# - SERIES STATEMENT |
| Series statement |
Pulicaciones de la Universidad Autónoma de Santo Domingo, estudios sociales |
| Volume/sequential designation |
no. 1 |
| 650 #4 - SUBJECT ADDED ENTRY--TOPICAL TERM |
| Topical term or geographic name as entry element |
CIENCIAS SOCIALES |
| 650 #4 - SUBJECT ADDED ENTRY--TOPICAL TERM |
| Topical term or geographic name as entry element |
SOCIOLOGÍA |
| 700 ## - ADDED ENTRY--PERSONAL NAME |
| Relator code |
Santos, Jiménez |
| 710 ## - ADDED ENTRY--CORPORATE NAME |
| Relator code |
Universidad Autónoma de Santo Domingo (República Dominicana) |
| 830 #0 - SERIES ADDED ENTRY--UNIFORM TITLE |
| Uniform title |
Biblioteca de ciencias sociales ; |
| 930 #1 - EQUIVALENCE OR CROSS-REFERENCE-UNIFORM TITLE HEADING [LOCAL, CANADA] |
| Language of a work |
BND01 |
| Medium of performance for music |
LF1 |
| Field link and sequence number |
20100126 |
| Date of a work |
04 |
| Name of part/section of a work |
CT |
| 930 #1 - EQUIVALENCE OR CROSS-REFERENCE-UNIFORM TITLE HEADING [LOCAL, CANADA] |
| Language of a work |
BND01 |
| Medium of performance for music |
LF1 |
| Field link and sequence number |
20110202 |
| Date of a work |
04 |
| Name of part/section of a work |
CT |
| Medium |
e. 2 |
| 942 ## - ADDED ENTRY ELEMENTS (KOHA) |
| Source of classification or shelving scheme |
Dewey Decimal Classification |
| Koha item type |
Libros |
| 956 ## - LOCAL ELECTRONIC LOCATION AND ACCESS (OCLC) |
| Host name |
LOPEREZ |
| Access number |
10 |
| Compression information |
20100329 |
| Logon |
BND01 |
| Processor of request |
2006 |